|
|
|
|
| LEADER |
01240nam a2200325La 4500 |
| 001 |
28670 |
| 003 |
BD-DhAAL |
| 005 |
20141207101903.0 |
| 008 |
141207s2011 enk b 001 0 eng d |
| 020 |
|
|
|a 9780194375009 (pbk.)
|
| 020 |
|
|
|a 0194375005 (pbk.)
|
| 040 |
|
|
|a Nz
|c UW1
|d NhCcYBP
|d BD-DhAAL
|
| 050 |
1 |
4 |
|a PE2751
|b .S45 2011
|
| 082 |
0 |
4 |
|2 23
|a 420.9
|
| 100 |
1 |
|
|a Seidlhofer, Barbara.
|9 5739
|
| 245 |
1 |
0 |
|a Understanding English as a lingua franca /
|c Barbara Seidlhofer.
|
| 260 |
|
|
|a Oxford :
|b Oxford University Press,
|c 2011.
|
| 300 |
|
|
|a xvii, 244 p. ;
|c 24 cm.
|
| 490 |
1 |
|
|a Oxford applied linguistics
|
| 504 |
|
|
|a Includes bibliographical references (p.[211]-231) and index.
|
| 541 |
|
|
|e 28670
|
| 650 |
|
0 |
|a English language
|x Globalization.
|9 6642
|
| 650 |
|
0 |
|a Language, Universal.
|9 6643
|
| 650 |
|
0 |
|a Communication, International.
|9 6644
|
| 650 |
|
0 |
|a Intercultural communication.
|9 6645
|
| 650 |
|
0 |
|a English language
|x Study and teaching
|x Foreign speakers.
|9 5754
|
| 830 |
|
0 |
|a Oxford applied linguistics.
|9 6646
|
| 942 |
|
|
|2 ddc
|c BK
|
| 999 |
|
|
|c 33246
|d 33246
|
| 952 |
|
|
|0 0
|1 0
|2 ddc
|4 0
|6 420_900000000000000_SEI
|7 0
|9 44379
|a BRACUL
|b BRACUL
|c GEN
|d 2014-12-07
|e Karim International
|l 0
|o 420.9 SEI
|p 3010028670
|r 2014-12-07
|t 1
|w 2014-12-07
|y BK
|